| 000 | 02243nam a2200445Ia 4500 | ||
|---|---|---|---|
| 001 | dia_5003 | ||
| 003 | CHAP | ||
| 005 | 20250805123352.0 | ||
| 007 | ta | ||
| 008 | 220117s2012 mx abdof 001 0 spa d | ||
| 040 |
_amxchpua _cCHAP |
||
| 090 |
_aT.C.573 _bC67 IA _c2012 |
||
| 245 | 1 | 0 |
_aIntroducción a la Agroindustria, reporte de viaje generacional 2012 / _ccoordinadora Rosa María Córdoba Ángeles ; colaboradores Sheila Ivonne Baños Serrano...[y otros] |
| 260 |
_aMéxico : _bEl autor, _c2012 |
||
| 300 |
_a210 páginas : _bilustraciones, tablas, gráficas, mapas., fotos |
||
| 336 |
_2rdacontent _atexto _btxt |
||
| 337 |
_2rdamedia _ano mediado _bnc |
||
| 338 |
_2rdacarrier _avolumen _bnc |
||
| 500 | _aGrado: 4° año Grupo: 02 Directorio: páginas 203-204 | ||
| 502 |
_aViaje de estudios _b(IA) -- _cUACh. Departamento de Ingeniería Agroindustrial, _d2012 |
||
| 504 | _aBibliografía: páginas 205-211 | ||
| 505 | 0 | 0 | _tEmpresas visitadas:-- 1.Cebadas y maltas en Calpulalpán -- 2.Harinera -- 3.Alimentos balanceados, Tehuacán -- 4.Cervecería Cuahutemoc -- 5.Beneficio de arroz -- 6.Planta procesadora de pollo en pie y pollo procesado -- 7.Beneficio de café -- 8.Beneficio de café Casandra -- 9.Fábrica de piloncillo -- 10.Ingenio San Miguelito -- 11.Licores Veracruz -- 12.Beneficadora de Limón -- 13.Visita a planta de Frutas -- 14.Empacadora de piña -- 15 Frigorífico y rastro del sur -- 16.Quesos Excelsior -- 17.Industrial Patrona |
| 650 | 1 | 3 |
_aIndustria láctea _9143326 |
| 650 | 1 | 3 |
_aIndustria del vino _9151418 |
| 650 | 1 | 3 |
_aProductos agrícolas _991896 |
| 650 | 1 | 3 |
_aProductos de café _9157296 |
| 650 | 1 | 3 |
_aAgricultural products _9149769 |
| 650 | 1 | 3 |
_aCoffe products _9157295 |
| 650 | 1 | 3 |
_aMilk industry _9147869 |
| 650 | 1 | 3 |
_aWine industry _9151419 |
| 700 | 1 |
_aCórdoba Ángeles, Rosa María _9148317 _ecoordinadora |
|
| 700 | 1 |
_aBaños Serrano, Sheila Ivonne _9129911 _ecolaboradora |
|
| 856 | 4 | 1 |
_uhttp://10.13.5.2/ve/TC573_IA/TC573_IA_2012-REPORTE.pdf _yDESCARGAR REPORTE |
| 901 | _aT.C.573 C67 IA 2012 | ||
| 902 | _aM | ||
| 905 | _a5232272012 mx amn 8223223322spa16 | ||
| 942 | _2local | ||
| 942 | _cVE | ||
| 999 |
_c175825 _d175825 |
||